[Event "EUCC 2023 - U12"]
[Site "Kouty nad Desnou"]
[Date "2023.08.22"]
[Round "7.1"]
[White "Muller-Moingt, Bastien"]
[Black "Constantinoiu, Alexandru Ioan"]
[Result "1-0"]
[BlackElo "1687"]
[WhiteElo "1858"]
[LiveChessVersion "1.4.8"]

1. e4 {[%clk 1:30:58]} c5 {[%clk 1:30:52]} 2. c3 {[%clk 1:31:22]} Nf6
{[%clk 1:31:10]} 3. e5 {[%clk 1:31:43]} Nd5 {[%clk 1:31:34]} 4. d4
{[%clk 1:32:07]} cxd4 {[%clk 1:31:56]} 5. Nf3 {[%clk 1:32:22]} e6
{[%clk 1:32:19]} 6. cxd4 {[%clk 1:32:48]} b6 {[%clk 1:32:35]} 7. Bc4
{[%clk 1:32:50]} Ba6 {[%clk 1:32:55]} 8. Bxd5 {[%clk 1:32:48]} exd5
{[%clk 1:32:44]} 9. a3 {[%clk 1:32:46]} Qc7 {[%clk 1:26:53]} 10. Nc3
{[%clk 1:30:34]} Qc4 {[%clk 1:22:12]} 11. Be3 {[%clk 1:30:13]} Be7
{[%clk 1:13:50]} 12. e6 {[%clk 1:13:33]} dxe6 {[%clk 1:03:33]} 13. Ne5
{[%clk 1:13:54]} Qc8 {[%clk 1:00:28]} 14. Qa4+ {[%clk 1:14:06]} Kf8
{[%clk 0:56:02]} 15. Rc1 {[%clk 1:02:31]} Qe8 {[%clk 0:50:34]} 16. Qd1
{[%clk 1:01:56]} f6 {[%clk 0:48:53]} 17. Nd3 {[%clk 1:01:50]} Nc6
{[%clk 0:41:39]} 18. Nf4 {[%clk 0:48:34]} Bd6 {[%clk 0:38:11]} 19. Nh5
{[%clk 0:42:12]} Rc8 {[%clk 0:33:22]} 20. Qg4 Qf7 {[%clk 0:32:23]} 21. b4
{[%clk 0:29:27]} Bc4 {[%clk 0:32:03]} 22. Ne2 {[%clk 0:26:36]} a5
{[%clk 0:30:20]} 23. Nef4 {[%clk 0:21:15]} Bxf4 {[%clk 0:30:10]} 24. Bxf4
{[%clk 0:16:32]} g6 {[%clk 0:24:03]} 25. Bh6+ {[%clk 0:14:27]} Ke8
{[%clk 0:24:11]} 26. Nf4 {[%clk 0:11:14]} Kd7 {[%clk 0:23:39]} 27. Rxc4
{[%clk 0:08:50]} dxc4 {[%clk 0:23:51]} 28. d5 {[%clk 0:09:05]} Ne5
{[%clk 0:16:37]} 29. dxe6+ {[%clk 0:07:52]} Kc7 {[%clk 0:16:35]} 30. exf7
{[%clk 0:08:06]} Nxg4 {[%clk 0:16:43]} 31. f8=Q {[%clk 0:08:31]} Rhxf8
{[%clk 0:16:46]} 32. Bxf8 {[%clk 0:08:55]} Re8+ {[%clk 0:09:26]} 33. Kd2
{[%clk 0:08:11]} g5 {[%clk 0:08:31]} 34. Nd5+ {[%clk 0:07:36]} Kc6
{[%clk 0:08:24]} 35. Nxb6 {[%clk 0:06:04]} Kxb6 {[%clk 0:08:16]} 36. Bc5+
{[%clk 0:06:29]} Kc6 {[%clk 0:06:41]} 37. Kc3 {[%clk 0:06:10]} axb4+
{[%clk 0:06:32]} 38. axb4 {[%clk 0:06:08]} Ne5 {[%clk 0:05:53]} 39. Ra1
{[%clk 0:06:10]} Nd7 {[%clk 0:02:26]} 40. Ra6+ {[%clk 0:05:51]} Kb5
{[%clk 0:02:36]} 41. Ra5+ {[%clk 0:06:17]} Kc6 {[%clk 0:02:56]} 42. Kxc4
{[%clk 0:06:22]} Re4+ {[%clk 0:02:54]} 43. Kd3 {[%clk 0:06:21]} Rh4
{[%clk 0:02:02]} 44. h3 {[%clk 0:05:46]} g4 {[%clk 0:02:03]} 45. hxg4
{[%clk 0:06:01]} Rxg4 {[%clk 0:02:19]} 46. g3 {[%clk 0:06:06]} f5
{[%clk 0:01:54]} 47. Ke3 {[%clk 0:04:56]} Ne5 {[%clk 0:01:22]} 48. Ra6+
{[%clk 0:05:20]} Kb5 {[%clk 0:01:21]} 49. Rb6+ {[%clk 0:05:24]} Kc4
{[%clk 0:01:19]} 50. Ke2 {[%clk 0:03:51]} Re4+ {[%clk 0:00:50]} 51. Be3
{[%clk 0:03:52]} Ng6 {[%clk 0:00:54]} 52. Rf6 {[%clk 0:03:43]} Re5
{[%clk 0:00:53]} 53. f4 {[%clk 0:03:07]} Re4 {[%clk 0:00:46]} 54. Rxf5
{[%clk 0:03:26]} Kxb4 {[%clk 0:01:05]} 55. Kf3 {[%clk 0:03:49]} Re8
{[%clk 0:01:05]} 56. Rf7 {[%clk 0:03:43]} Kc4 {[%clk 0:00:51]} 57. Rxh7
{[%clk 0:04:00]} Ne7 {[%clk 0:00:50]} 58. Rh5 {[%clk 0:02:53]} Nd5
{[%clk 0:01:07]} 59. Re5 {[%clk 0:02:54]} Rxe5 {[%clk 0:00:49]} 60. fxe5
{[%clk 0:03:23]} Ne7 {[%clk 0:00:47]} 61. Ke4 {[%clk 0:03:41]} Kb5
{[%clk 0:00:53]} 62. Bg5 {[%clk 0:04:04]} Nc6 {[%clk 0:00:48]} 63. e6
{[%clk 0:04:29]} Kc5 {[%clk 0:01:04]} 64. e7 {[%clk 0:04:54]} Nxe7
{[%clk 0:01:27]} 65. Bxe7+ {[%clk 0:05:24]} Kc6 {[%clk 0:01:48]} 66. Kf5
{[%clk 0:05:50]} Kd7 {[%clk 0:02:12]} 67. Kf6 {[%clk 0:06:19]} Ke8
{[%clk 0:02:35]} 68. g4 {[%clk 0:06:46]} Kd7 {[%clk 0:03:01]} 69. Kf7
{[%clk 0:07:11]} Kc6 {[%clk 0:03:26]} 70. g5 {[%clk 0:07:39]} Kd5
{[%clk 0:03:51]} 71. g6 {[%clk 0:08:07]} Ke5 {[%clk 0:04:14]} 72. g7
{[%clk 0:08:35]} Kf5 {[%clk 0:04:37]} 73. g8=Q {[%clk 0:09:00]} Kf4
{[%clk 0:05:03]} 74. Qg5+ {[%clk 0:09:25]} Kf3 {[%clk 0:05:29]} 75. Ke6
{[%clk 0:09:50]} Ke4 {[%clk 0:05:52]} 76. Qe5+ {[%clk 0:10:17]} Kf3
{[%clk 0:06:16]} 77. Qd4 {[%clk 0:10:43]} Kg2 {[%clk 0:06:41]} 78. Qe3
{[%clk 0:11:09]} Kh1 {[%clk 0:07:07]} 79. Qe2 {[%clk 0:11:28]} Kg1
{[%clk 0:07:21]} 80. Bd6 {[%clk 0:11:53]} Kh1 {[%clk 0:07:47]} 81. Qh2#
{[%clk 0:12:23]} 1-0

[Event "EUCC 2023 - U12"]
[Site "Kouty nad Desnou"]
[Date "2023.08.22"]
[Round "7.3"]
[White "Popzafirov, Danail"]
[Black "Tureshbayev, Anuar"]
[Result "0-1"]
[BlackElo "1826"]
[WhiteElo "1885"]
[LiveChessVersion "1.4.8"]

1. e4 {[%clk 1:30:57]} c5 {[%clk 1:30:57]} 2. Nf3 {[%clk 1:31:21]} d6
{[%clk 1:31:24]} 3. d4 {[%clk 1:31:44]} cxd4 {[%clk 1:31:50]} 4. Nxd4
{[%clk 1:32:08]} Nf6 {[%clk 1:32:15]} 5. Nc3 {[%clk 1:32:31]} g6 {[%clk 1:32:40]}
6. Be3 {[%clk 1:32:49]} Bg7 {[%clk 1:33:07]} 7. Be2 {[%clk 1:32:50]} O-O
{[%clk 1:33:31]} 8. O-O {[%clk 1:33:13]} Nc6 {[%clk 1:33:57]} 9. Nb3
{[%clk 1:32:14]} Be6 {[%clk 1:34:20]} 10. f4 {[%clk 1:32:37]} a6 {[%clk 1:34:22]}
11. a4 {[%clk 1:32:25]} Rc8 {[%clk 1:34:23]} 12. h3 {[%clk 1:19:42]} Na5
{[%clk 1:30:27]} 13. Nxa5 {[%clk 1:08:25]} Qxa5 {[%clk 1:30:33]} 14. Bd4
{[%clk 1:08:41]} Qb4 {[%clk 1:22:12]} 15. f5 {[%clk 0:43:22]} Bc4
{[%clk 1:14:17]} 16. Bxc4 {[%clk 0:41:18]} Qxc4 {[%clk 1:13:11]} 17. b3
{[%clk 0:35:54]} Qc6 {[%clk 1:10:43]} 18. Bxf6 {[%clk 0:27:52]} Bxf6
{[%clk 1:10:19]} 19. Nd5 {[%clk 0:28:13]} Qxc2 {[%clk 1:06:46]} 20. fxg6
{[%clk 0:28:27]} hxg6 {[%clk 1:04:53]} 21. Rxf6 {[%clk 0:27:27]} exf6
{[%clk 1:05:13]} 22. Ne7+ {[%clk 0:27:55]} Kg7 {[%clk 1:05:32]} 23. Nxc8
{[%clk 0:28:11]} Qc5+ {[%clk 1:05:13]} 24. Kh1 {[%clk 0:28:30]} Rxc8
{[%clk 1:05:37]} 25. Qg4 {[%clk 0:22:06]} Qe5 {[%clk 1:04:45]} 26. Rf1
{[%clk 0:18:30]} Rc3 {[%clk 1:04:36]} 27. Qd1 {[%clk 0:18:34]} Re3
{[%clk 1:03:24]} 28. Qd2 {[%clk 0:18:16]} Rxe4 {[%clk 1:03:27]} 29. Rd1
{[%clk 0:18:38]} Re2 {[%clk 1:03:38]} 30. Qb4 {[%clk 0:19:01]} d5
{[%clk 1:02:59]} 31. Qxb7 {[%clk 0:19:00]} Re1+ {[%clk 1:03:23]} 32. Rxe1
{[%clk 0:19:27]} Qxe1+ {[%clk 1:03:47]} 33. Kh2 {[%clk 0:19:52]} d4
{[%clk 1:04:03]} 34. Qf3 {[%clk 0:19:50]} Qc3 {[%clk 1:03:27]} 35. Qd1
{[%clk 0:20:05]} d3 {[%clk 1:03:46]} 36. Kg3 {[%clk 0:20:16]} Qc2
{[%clk 1:04:07]} 0-1

[Event "EUCC 2023 - U12"]
[Site "Kouty nad Desnou"]
[Date "2023.08.22"]
[Round "7.4"]
[White "Nieminen, Oliver"]
[Black "Rudlof, Adam"]
[Result "0-1"]
[BlackElo "1641"]
[WhiteElo "1574"]
[LiveChessVersion "1.4.8"]

1. e4 {[%clk 1:30:58]} c5 {[%clk 1:30:52]} 2. Nf3 {[%clk 1:31:23]} Nc6
{[%clk 1:31:17]} 3. d4 {[%clk 1:31:46]} cxd4 {[%clk 1:31:43]} 4. Nxd4
{[%clk 1:32:10]} g6 {[%clk 1:32:10]} 5. Nc3 {[%clk 1:32:31]} Bg7 {[%clk 1:32:36]}
6. Be3 {[%clk 1:32:55]} Nf6 {[%clk 1:33:03]} 7. Bc4 {[%clk 1:33:15]} O-O
{[%clk 1:33:27]} 8. Bb3 {[%clk 1:33:31]} d6 {[%clk 1:33:53]} 9. f3
{[%clk 1:33:53]} Bd7 {[%clk 1:34:18]} 10. Qd2 {[%clk 1:34:15]} Rc8
{[%clk 1:34:43]} 11. O-O-O {[%clk 1:34:38]} Nxd4 {[%clk 1:35:06]} 12. Bxd4
{[%clk 1:34:43]} b5 {[%clk 1:35:32]} 13. h4 {[%clk 1:33:20]} a5 {[%clk 1:35:44]}
14. a3 {[%clk 1:29:16]} h5 {[%clk 1:24:19]} 15. e5 {[%clk 1:27:23]} dxe5
{[%clk 1:16:31]} 16. Bxe5 {[%clk 1:27:43]} b4 {[%clk 1:08:15]} 17. Nb1
{[%clk 1:20:15]} a4 {[%clk 0:58:51]} 18. Bd5 {[%clk 1:16:30]} Nxd5
{[%clk 0:55:06]} 19. Bxg7 {[%clk 1:16:32]} Kxg7 {[%clk 0:55:07]} 20. Qxd5
{[%clk 1:16:55]} Rxc2+ {[%clk 0:39:57]} 21. Kxc2 {[%clk 1:17:03]} Bf5+
{[%clk 0:40:21]} 22. Kc1 {[%clk 1:16:26]} Qc7+ {[%clk 0:40:47]} 23. Nc3
{[%clk 1:15:59]} bxc3 {[%clk 0:41:11]} 24. Qd4+ {[%clk 1:14:33]} Kh7
{[%clk 0:41:36]} 25. Rhe1 {[%clk 1:07:03]} cxb2+ {[%clk 0:39:55]} 26. Kxb2
{[%clk 1:07:22]} Rb8+ {[%clk 0:37:25]} 27. Ka1 {[%clk 1:07:19]} Rb3
{[%clk 0:36:00]} 28. Rd2 {[%clk 0:56:27]} Rxa3+ {[%clk 0:29:25]} 29. Ra2
{[%clk 0:56:45]} Rxa2+ {[%clk 0:24:47]} 30. Kxa2 {[%clk 0:57:07]} Qc2+
{[%clk 0:25:12]} 31. Qb2 {[%clk 0:56:56]} Qc4+ {[%clk 0:24:26]} 32. Ka1
{[%clk 0:56:19]} Qxh4 {[%clk 0:21:32]} 33. Rd1 {[%clk 0:53:32]} Be6
{[%clk 0:17:59]} 34. Qc3 {[%clk 0:46:28]} Qf2 {[%clk 0:16:45]} 35. Rd2
{[%clk 0:46:25]} Qf1+ {[%clk 0:16:52]} 36. Kb2 {[%clk 0:46:40]} Qb5+
{[%clk 0:17:16]} 37. Ka1 {[%clk 0:44:47]} Qb3 {[%clk 0:11:44]} 38. Qxb3
{[%clk 0:43:34]} axb3 {[%clk 0:12:08]} 39. Kb2 {[%clk 0:42:59]} Kh6
{[%clk 0:11:59]} 40. Rd8 {[%clk 0:41:28]} Kg5 {[%clk 0:12:04]} 41. Re8
{[%clk 0:41:14]} Kf4 {[%clk 0:12:27]} 42. Rxe7 {[%clk 0:40:44]} Kg3
{[%clk 0:12:54]} 43. Rc7 {[%clk 0:40:04]} Kxg2 {[%clk 0:13:18]} 0-1

[Event "EUCC 2023 - U12"]
[Site "Kouty nad Desnou"]
[Date "2023.08.22"]
[Round "7.5"]
[White "Ochedzan, Filip"]
[Black "Ge, Charlene"]
[Result "1-0"]
[BlackElo "1598"]
[WhiteElo "1711"]
[LiveChessVersion "1.4.8"]

1. e4 {[%clk 1:30:57]} c5 {[%clk 1:30:53]} 2. Nf3 {[%clk 1:31:14]} e6
{[%clk 1:31:17]} 3. d4 {[%clk 1:31:38]} cxd4 {[%clk 1:31:41]} 4. Nxd4
{[%clk 1:32:02]} Nf6 {[%clk 1:32:06]} 5. Nc3 {[%clk 1:32:22]} Nc6
{[%clk 1:32:32]} 6. Nxc6 {[%clk 1:32:31]} bxc6 {[%clk 1:32:57]} 7. e5
{[%clk 1:32:52]} Nd5 {[%clk 1:33:19]} 8. Ne4 {[%clk 1:33:13]} Qc7
{[%clk 1:33:39]} 9. f4 {[%clk 1:33:23]} Qb6 {[%clk 1:33:26]} 10. c4
{[%clk 1:33:15]} Bb4+ {[%clk 1:33:41]} 11. Ke2 {[%clk 1:33:10]} Ba6
{[%clk 1:33:08]} 12. Kf3 {[%clk 1:32:55]} f5 {[%clk 1:32:13]} 13. Nf2
{[%clk 1:33:09]} Ne7 {[%clk 1:30:24]} 14. Be3 {[%clk 1:33:02]} Bc5
{[%clk 1:29:55]} 15. Bxc5 {[%clk 1:33:10]} Qxc5 {[%clk 1:30:18]} 16. Qd6
{[%clk 1:33:27]} Qxd6 {[%clk 1:27:25]} 17. exd6 {[%clk 1:33:10]} Ng6
{[%clk 1:26:32]} 18. c5 {[%clk 1:21:08]} Bxf1 {[%clk 1:23:45]} 19. Raxf1
{[%clk 1:16:33]} O-O {[%clk 1:21:51]} 20. Nd3 {[%clk 1:16:22]} Rab8
{[%clk 1:16:45]} 21. Ke3 {[%clk 1:09:20]} Rb5 {[%clk 1:08:00]} 22. Kd4
{[%clk 1:05:50]} Ra5 {[%clk 1:01:10]} 23. Ra1 {[%clk 0:52:06]} Ra4+
{[%clk 0:56:25]} 24. b4 {[%clk 0:48:04]} a5 {[%clk 0:46:38]} 25. a3
{[%clk 0:46:21]} axb4 {[%clk 0:46:27]} 26. axb4 {[%clk 0:46:08]} Rfa8
{[%clk 0:46:20]} 27. Rxa4 {[%clk 0:46:17]} Rxa4 {[%clk 0:46:45]} 28. g3
{[%clk 0:45:56]} Kf7 {[%clk 0:40:04]} 29. Rb1 {[%clk 0:44:17]} Ke8
{[%clk 0:38:28]} 30. Kc4 {[%clk 0:40:42]} Kd8 {[%clk 0:35:07]} 31. Kb3
{[%clk 0:39:53]} Ra7 {[%clk 0:34:50]} 32. Rb2 {[%clk 0:34:31]} Kc8
{[%clk 0:32:56]} 33. Ra2 {[%clk 0:32:19]} Rxa2 {[%clk 0:32:15]} 34. Kxa2
{[%clk 0:32:47]} Kb7 {[%clk 0:32:09]} 35. Ka3 {[%clk 0:32:54]} h6
{[%clk 0:24:14]} 36. Ka4 {[%clk 0:32:42]} Ka6 {[%clk 0:23:00]} 37. h3
{[%clk 0:30:30]} Nf8 {[%clk 0:13:53]} 38. Ne5 {[%clk 0:30:37]} g5
{[%clk 0:11:57]} 39. b5+ {[%clk 0:28:34]} cxb5+ {[%clk 0:11:48]} 40. Kb4
{[%clk 0:28:56]} g4 {[%clk 0:08:43]} 41. hxg4 {[%clk 0:28:06]} fxg4
{[%clk 0:09:02]} 42. Nxg4 {[%clk 0:27:09]} Nh7 {[%clk 0:09:00]} 43. c6
{[%clk 0:26:31]} 1-0

[Event "EUCC 2023 - U12"]
[Site "Kouty nad Desnou"]
[Date "2023.08.22"]
[Round "7.6"]
[White "Komarek, Tobias"]
[Black "Alcantara, Eliyakim"]
[Result "1/2-1/2"]
[BlackElo "1534"]
[WhiteElo "1633"]
[LiveChessVersion "1.4.8"]

1. c4 {[%clk 1:30:48]} e6 {[%clk 1:30:53]} 2. g3 {[%clk 1:31:01]} d5
{[%clk 1:31:16]} 3. Bg2 {[%clk 1:31:26]} Nf6 {[%clk 1:31:32]} 4. Nf3
{[%clk 1:31:47]} c5 {[%clk 1:31:48]} 5. O-O {[%clk 1:32:10]} Be7 {[%clk 1:32:11]}
6. cxd5 {[%clk 1:32:25]} exd5 {[%clk 1:32:28]} 7. d4 {[%clk 1:32:46]} O-O
{[%clk 1:30:48]} 8. Nc3 {[%clk 1:32:32]} Nc6 {[%clk 1:29:01]} 9. Bg5
{[%clk 1:31:51]} cxd4 {[%clk 1:25:52]} 10. Nxd4 {[%clk 1:32:10]} Be6
{[%clk 1:25:56]} 11. Rc1 {[%clk 1:25:15]} Rc8 {[%clk 1:24:30]} 12. e3
{[%clk 1:13:51]} Nxd4 {[%clk 1:16:53]} 13. Qxd4 {[%clk 1:11:22]} Bc5
{[%clk 1:14:47]} 14. Qh4 {[%clk 1:00:45]} Be7 {[%clk 1:13:44]} 15. e4
{[%clk 0:48:42]} h6 {[%clk 1:10:49]} 16. Bxf6 {[%clk 0:44:09]} Bxf6
{[%clk 1:11:05]} 17. Qh5 {[%clk 0:43:47]} dxe4 {[%clk 1:06:08]} 18. Nxe4
{[%clk 0:40:41]} Bxb2 {[%clk 1:05:05]} 19. Rxc8 {[%clk 0:37:46]} Qxc8
{[%clk 0:55:36]} 20. Qb5 {[%clk 0:26:40]} Ba3 {[%clk 0:44:37]} 21. Qa4
{[%clk 0:23:13]} Be7 {[%clk 0:44:03]} 22. Qxa7 {[%clk 0:22:12]} Qa8
{[%clk 0:43:31]} 23. Qb6 {[%clk 0:20:12]} Qa6 {[%clk 0:35:08]} 24. Qc7
{[%clk 0:14:46]} Bd8 {[%clk 0:33:56]} 25. Qd6 {[%clk 0:11:17]} Qxd6
{[%clk 0:33:14]} 26. Nxd6 {[%clk 0:11:05]} Bxa2 {[%clk 0:32:17]} 27. Nxb7
{[%clk 0:11:21]} Bf6 {[%clk 0:32:26]} 28. Nc5 {[%clk 0:11:02]} Rc8
{[%clk 0:30:44]} 29. Ne4 {[%clk 0:09:42]} Bb2 {[%clk 0:30:52]} 30. Rd1
{[%clk 0:08:15]} Rc1 {[%clk 0:31:06]} 31. Rxc1 {[%clk 0:08:19]} Bxc1
{[%clk 0:30:58]} 32. Nc3 {[%clk 0:08:37]} Be6 {[%clk 0:31:13]} 33. Ne4
{[%clk 0:08:51]} Ba3 {[%clk 0:31:27]} 34. h4 {[%clk 0:08:55]} Bb4
{[%clk 0:31:34]} 35. Kh2 {[%clk 0:08:52]} f5 {[%clk 0:31:52]} 36. Bh3
{[%clk 0:08:06]} Kf7 {[%clk 0:32:02]} 37. Ng5+ {[%clk 0:07:51]} hxg5
{[%clk 0:32:19]} 38. hxg5 {[%clk 0:08:19]} Kg6 {[%clk 0:32:32]} 39. f4
{[%clk 0:08:39]} Be1 {[%clk 0:32:33]} 40. Bg2 {[%clk 0:08:48]} Kf7
{[%clk 0:32:51]} 41. Bc6 {[%clk 0:08:48]} Ke7 {[%clk 0:32:36]} 42. Kh3
{[%clk 0:09:10]} Kd6 {[%clk 0:32:52]} 43. Be8 {[%clk 0:09:28]} Ke7
{[%clk 0:32:21]} 44. Bg6 {[%clk 0:08:18]} Kd6 {[%clk 0:32:04]} 45. Be8
{[%clk 0:08:33]} Kc5 {[%clk 0:32:06]} 46. Kh4 {[%clk 0:08:52]} Kd4
{[%clk 0:32:06]} 47. Bc6 {[%clk 0:06:05]} Bd5 {[%clk 0:32:00]} 48. Bd7
{[%clk 0:06:32]} Ke4 {[%clk 0:31:53]} 49. Kh5 {[%clk 0:01:53]} Bxg3
{[%clk 0:31:30]} 50. Kg6 {[%clk 0:02:19]} Bxf4 {[%clk 0:31:24]} 51. Bxf5+
{[%clk 0:01:14]} Ke5 {[%clk 0:31:37]} 52. Bc2 {[%clk 0:01:35]} Be4+
{[%clk 0:31:49]} 1/2-1/2

[Event "EUCC 2023 - U12"]
[Site "Kouty nad Desnou"]
[Date "2023.08.22"]
[Round "7.7"]
[White "Boryna, Szymon"]
[Black "Sensoy, Emir"]
[Result "1-0"]
[BlackElo "1416"]
[WhiteElo "1428"]
[LiveChessVersion "1.4.8"]

1. c4 {[%clk 1:30:53]} c5 {[%clk 1:30:55]} 2. Nc3 {[%clk 1:31:18]} g6
{[%clk 1:31:19]} 3. g3 {[%clk 1:31:42]} Bg7 {[%clk 1:31:40]} 4. Bg2
{[%clk 1:32:08]} e6 {[%clk 1:31:59]} 5. e4 {[%clk 1:32:32]} Nc6 {[%clk 1:32:24]}
6. Nge2 {[%clk 1:32:58]} Nge7 {[%clk 1:32:43]} 7. O-O {[%clk 1:33:20]} O-O
{[%clk 1:32:47]} 8. a3 {[%clk 1:33:33]} a6 {[%clk 1:28:48]} 9. Rb1
{[%clk 1:32:42]} Rb8 {[%clk 1:26:33]} 10. b4 {[%clk 1:30:56]} cxb4
{[%clk 1:25:15]} 11. axb4 {[%clk 1:31:12]} b5 {[%clk 1:23:59]} 12. cxb5
{[%clk 1:23:04]} axb5 {[%clk 1:24:28]} 13. d4 {[%clk 1:21:00]} d5
{[%clk 1:22:42]} 14. exd5 {[%clk 1:15:38]} Nxd5 {[%clk 1:22:04]} 15. Nxd5
{[%clk 1:15:42]} exd5 {[%clk 1:22:32]} 16. Be3 {[%clk 1:09:15]} Bg4
{[%clk 1:20:57]} 17. Re1 {[%clk 1:06:49]} Re8 {[%clk 1:16:58]} 18. Qd2
{[%clk 1:02:13]} Bxe2 {[%clk 1:14:44]} 19. Rxe2 {[%clk 1:02:30]} Qd7
{[%clk 1:07:28]} 20. Ree1 {[%clk 0:58:18]} Rbd8 {[%clk 0:59:48]} 21. Rec1
{[%clk 0:53:08]} Ne7 {[%clk 0:57:54]} 22. Rc5 {[%clk 0:50:44]} Qb7
{[%clk 0:52:38]} 23. Bf1 {[%clk 0:46:22]} Nf5 {[%clk 0:50:26]} 24. Rxb5
{[%clk 0:42:56]} Qa7 {[%clk 0:50:46]} 25. Ra5 {[%clk 0:42:39]} Qb6
{[%clk 0:48:58]} 26. Ra6 {[%clk 0:42:31]} Qb7 {[%clk 0:48:45]} 27. Ra3
{[%clk 0:38:04]} Qb6 {[%clk 0:47:34]} 28. Ra6 {[%clk 0:33:32]} Qb7
{[%clk 0:46:39]} 29. Rb3 {[%clk 0:31:48]} Ra8 {[%clk 0:45:02]} 30. Rxa8
{[%clk 0:26:41]} Rxa8 {[%clk 0:45:05]} 31. h3 {[%clk 0:21:53]} Qb6
{[%clk 0:44:29]} 32. Rd3 {[%clk 0:19:47]} Ra4 {[%clk 0:43:58]} 33. Bg2
{[%clk 0:17:19]} Rxb4 {[%clk 0:42:13]} 34. Bxd5 {[%clk 0:14:47]} Qd6
{[%clk 0:37:16]} 35. Qa2 {[%clk 0:09:04]} Qd7 {[%clk 0:29:27]} 36. Kg2
{[%clk 0:07:59]} Nxe3+ {[%clk 0:25:51]} 37. fxe3 {[%clk 0:06:07]} Qb5
{[%clk 0:20:37]} 38. Rd2 {[%clk 0:05:53]} Bf6 {[%clk 0:11:16]} 39. Rf2
{[%clk 0:05:09]} Qb6 {[%clk 0:08:13]} 40. Bxf7+ {[%clk 0:04:14]} Kg7
{[%clk 0:08:31]} 41. Bd5 {[%clk 0:04:30]} Kh6 {[%clk 0:05:28]} 42. Qa8
{[%clk 0:04:11]} Qd6 {[%clk 0:04:03]} 43. Be4 {[%clk 0:03:09]} Rb8
{[%clk 0:03:42]} 44. Rxf6 {[%clk 0:01:44]} Qd8 {[%clk 0:01:45]} 45. Qc6
{[%clk 0:02:01]} Rb2+ {[%clk 0:02:08]} 46. Rf2 {[%clk 0:02:27]} Rxf2+
{[%clk 0:01:53]} 47. Kxf2 {[%clk 0:02:51]} Qa5 {[%clk 0:02:06]} 48. Qc2
{[%clk 0:03:06]} Kg7 {[%clk 0:02:03]} 49. d5 {[%clk 0:03:30]} Kf7
{[%clk 0:02:14]} 50. Bf3 {[%clk 0:02:31]} h5 {[%clk 0:01:12]} 51. e4
{[%clk 0:02:40]} h4 {[%clk 0:00:46]} 52. gxh4 {[%clk 0:02:57]} g5
{[%clk 0:01:07]} 53. hxg5 {[%clk 0:03:19]} Qb6+ {[%clk 0:01:29]} 54. Kg2
{[%clk 0:03:41]} Qd6 {[%clk 0:01:16]} 55. Qc3 {[%clk 0:03:48]} Kg8
{[%clk 0:00:50]} 56. e5 {[%clk 0:04:03]} Qa6 {[%clk 0:01:05]} 57. e6
{[%clk 0:03:54]} Qa2+ {[%clk 0:01:07]} 58. Kg3 {[%clk 0:04:04]} Qa6
{[%clk 0:01:00]} 59. Qc6 {[%clk 0:04:05]} Qf1 {[%clk 0:00:50]} 60. Qe8+
{[%clk 0:04:24]} Kg7 {[%clk 0:00:42]} 61. Qf7+ {[%clk 0:04:43]} Kh8
{[%clk 0:00:53]} 62. Qf8+ {[%clk 0:05:11]} Kh7 {[%clk 0:01:20]} 63. Be4+
{[%clk 0:05:40]} 1-0

[Event "EUCC 2023 - U12"]
[Site "Kouty nad Desnou"]
[Date "2023.08.22"]
[Round "7.8"]
[White "Alcantara, Levanah"]
[Black "Barteckova, Nikol"]
[Result "0-1"]
[BlackElo "1268"]
[WhiteElo "1527"]
[LiveChessVersion "1.4.8"]

1. d4 {[%clk 1:30:51]} Nf6 {[%clk 1:30:54]} 2. c4 {[%clk 1:31:05]} e5
{[%clk 1:31:10]} 3. dxe5 {[%clk 1:31:28]} Ng4 {[%clk 1:31:34]} 4. Bf4
{[%clk 1:31:38]} Bb4+ {[%clk 1:31:41]} 5. Nd2 {[%clk 1:31:43]} Nc6
{[%clk 1:31:16]} 6. a3 {[%clk 1:31:40]} Bxd2+ {[%clk 1:30:36]} 7. Qxd2
{[%clk 1:32:04]} Ngxe5 {[%clk 1:30:42]} 8. e3 {[%clk 1:32:15]} a5
{[%clk 1:29:13]} 9. b3 {[%clk 1:30:13]} d6 {[%clk 1:28:27]} 10. Rc1
{[%clk 1:28:26]} Be6 {[%clk 1:24:43]} 11. Be2 {[%clk 1:24:03]} Bg4
{[%clk 1:13:51]} 12. h3 {[%clk 1:06:47]} Bxe2 {[%clk 1:13:38]} 13. Nxe2
{[%clk 1:07:02]} O-O {[%clk 1:11:44]} 14. O-O {[%clk 1:05:04]} Re8
{[%clk 1:08:57]} 15. Nc3 {[%clk 1:02:15]} Qf6 {[%clk 0:55:51]} 16. Nd5
{[%clk 0:56:53]} Qg6 {[%clk 0:55:53]} 17. Kh1 {[%clk 0:55:50]} Rac8
{[%clk 0:52:13]} 18. Rfd1 {[%clk 0:53:01]} f6 {[%clk 0:44:35]} 19. b4
{[%clk 0:42:23]} axb4 {[%clk 0:41:56]} 20. axb4 {[%clk 0:40:59]} Qf7
{[%clk 0:38:31]} 21. f3 {[%clk 0:35:54]} Ra8 {[%clk 0:34:02]} 22. Qc2
{[%clk 0:28:12]} Nd8 {[%clk 0:26:37]} 23. Ra1 {[%clk 0:23:03]} Ne6
{[%clk 0:25:35]} 24. Bh2 {[%clk 0:23:07]} Ng6 {[%clk 0:14:16]} 25. Ra2
{[%clk 0:20:26]} Qf8 {[%clk 0:10:38]} 26. Rda1 {[%clk 0:18:58]} Rxa2
{[%clk 0:10:17]} 27. Qxa2 {[%clk 0:18:59]} c6 {[%clk 0:05:29]} 28. Nb6
{[%clk 0:15:56]} Ne5 {[%clk 0:04:58]} 29. Qa7 {[%clk 0:14:29]} Qf7
{[%clk 0:04:23]} 30. f4 {[%clk 0:13:28]} Nd3 {[%clk 0:03:51]} 31. Rb1
{[%clk 0:10:34]} Nf2+ {[%clk 0:03:31]} 32. Kg1 {[%clk 0:10:57]} Ne4
{[%clk 0:03:54]} 33. Rd1 {[%clk 0:10:38]} f5 {[%clk 0:04:06]} 34. Qa3
{[%clk 0:07:37]} Qc7 {[%clk 0:03:38]} 35. Qa5 {[%clk 0:07:41]} Qf7
{[%clk 0:03:51]} 36. Na4 {[%clk 0:05:47]} Nc7 {[%clk 0:03:46]} 37. Qb6
{[%clk 0:04:54]} Ra8 {[%clk 0:03:11]} 38. Nb2 {[%clk 0:05:17]} Ne6
{[%clk 0:03:12]} 39. Nd3 {[%clk 0:03:01]} Ra6 {[%clk 0:03:31]} 40. Qxa6
{[%clk 0:02:30]} bxa6 {[%clk 0:03:58]} 41. Ra1 {[%clk 0:02:49]} Qb7
{[%clk 0:04:11]} 42. Ra5 {[%clk 0:03:04]} g6 {[%clk 0:04:27]} 43. g4
{[%clk 0:02:55]} Ng7 {[%clk 0:04:25]} 44. Kg2 {[%clk 0:02:42]} Kf7
{[%clk 0:03:54]} 45. c5 {[%clk 0:02:30]} dxc5 {[%clk 0:04:00]} 46. bxc5
{[%clk 0:02:37]} Ne6 {[%clk 0:03:46]} 47. Bg1 {[%clk 0:02:04]} Kf6
{[%clk 0:03:53]} 48. Bf2 {[%clk 0:01:56]} Nxf2 {[%clk 0:04:16]} 49. Kxf2
{[%clk 0:02:11]} Qb1 {[%clk 0:03:44]} 50. Ne5 {[%clk 0:02:06]} Qc2+
{[%clk 0:04:00]} 51. Kg3 {[%clk 0:02:14]} Nxc5 {[%clk 0:03:51]} 52. Rxc5
{[%clk 0:02:21]} Qd1 {[%clk 0:01:25]} 53. Rxc6+ {[%clk 0:01:59]} Ke7
{[%clk 0:01:28]} 54. Rxa6 {[%clk 0:01:04]} Qe1+ {[%clk 0:01:39]} 0-1